000 00627nam a2200241Ia 4500
003 OSt
005 20220918210325.0
006 a|||||r|||| 00| 0
007 ta
008 220917b |||||||| |||| 00| 0 eng d
024 _a120,024
037 _cTextual
040 _aARTS
_cARTS
_beng
041 _2eng
_aeng
082 _aV73:28wL57, L6
100 _aHendrickson Robert I
_9117795
245 0 _aHamilton
260 _aNew York
_bMason/charter
_c1976
300 _axviii,638p.
_ccm.
650 _aHISTORY
942 _hV73:28wL57, L6
_cTEXL
_2CC
999 _c243282
_d243282